Podnikání malé a střední firmy

Saved in:
Bibliographic Details
Main Author: Veber, Jaromír
Other Authors: Srpová, Jitka
Format: Book
Language:Czech
Published: Praha GRADA Publishing 2008
Edition:2. aktualiz. a rozšíř. vyd.
Series:Expert
Subjects:
Tags: Add Tag
No Tags, Be the first to tag this record!

MARC

LEADER 00000nam$a2200000$$$4500
001 0100705
005 20240313090238.1
020 |a 978-80-247-2409-6 
041 0 |a cze 
044 |a CZ 
245 1 0 |a Podnikání malé a střední firmy  |c Jaromír Veber, Jitka Srpová a kolektiv 
250 |a 2. aktualiz. a rozšíř. vyd. 
264 1 |a Praha  |b GRADA Publishing  |c 2008 
300 |a 311 s. 
490 1 |a Expert 
830 0 |a Expert 
610 2 0 |a podnikanie malé 
610 2 0 |a podnikanie stredné 
610 2 0 |a firmy 
610 2 0 |a podnik malý 
610 2 0 |a podnik stredný 
610 2 0 |a podpora podnikania 
610 2 0 |a riziko podnikateľské 
610 2 0 |a plán podnikateľský 
610 2 0 |a živnosti 
100 1 |a Veber, Jaromír 
700 1 |a Srpová, Jitka